Vaso de terra sigilata fabricado en España / (Record no. 136621)

MARC details
000 -LEADER
campo de control de longitud fija 00773nam a2200205 i 4500
001 - NÚMERO DE CONTROL
campo de control 136621
003 - IDENTIFICADOR DE NÚMERO DE CONTROL
campo de control ES-MaACL
005 - FECHA Y HORA DE LA ÚLTIMA TRANSACCIÓN
campo de control 20250808004438.0
007 - CAMPO FIJO DE DESCRIPCIÓN FÍSICA--INFORMACIÓN GENERAL
campo de control de longitud fija t|
008 - DATOS DE LONGITUD FIJA--INFORMACIÓN GENERAL
campo de control de longitud fija 070214s1948 sp r ||||1| spa d
100 0# - ENTRADA PRINCIPAL--NOMBRE DE PERSONA
Nombre de persona Sáez Martín, Bernardo.
9 (RLIN) 101378
245 10 - MENCIÓN DEL TÍTULO
Título Vaso de terra sigilata fabricado en España /
Mención de responsabilidad, etc. Bernardo Sáez Martín.
260 ## - PUBLICACIÓN, DISTRIBUCIÓN, ETC.
Lugar de publicación, distribución, etc. Madrid :
Nombre del editor, distribuidor, etc. [s.n.],
Fecha de publicación, distribución, etc. 1948 (
Fabricante Diana Artes Gráficas)
300 ## - DESCRIPCIÓN FÍSICA
Extensión 15 p., 4 lám. :
Otras características físicas il. ;
Dimensiones 26 cm.
490 1# - MENCIÓN DE SERIE
Mención de serie Publicaciones del seminario de historia primitiva del hombre. Notas ;
Designación de volumen o secuencia 4
711 1# - ENTRADA AGREGADA--NOMBRE DE REUNIÓN
Nombre de congreso/reunión o jurisdicción como elemento de entrada Seminario de Historia Primitiva del Hombre.
9 (RLIN) 1042
830 00 - PUNTO DE ACCESO ADICIONAL DE SERIE-TÍTULO UNIFORME
Título uniforme Publicaciones del Seminario de Historia Primitiva del Hombre
Designación de volumen o secuencia 4
9 (RLIN) 220019
852 ## - LOCALIZACIÓN
Ubicación ES-MaACL
Número de control de estantería 1525-F-29
Sublocalización o colección R.26452
Holdings
Estatus retirado Estado de pérdida Estado de daño No para préstamo Colección Biblioteca de origen Biblioteca actual Ubicación en estantería Fecha de adquisición Fuente de adquisición Total de préstamos Signatura topográfica completa Código de barras Visto por última vez Precio de reemplazo Tipo de ítem Koha
        Colección de folletos Biblioteca del Ateneo de Madrid Biblioteca del Ateneo de Madrid Depósito folletos 17/01/2008     1525-F-29 1142184 23/02/2023 23/02/2023 Folleto